Statistiken für Binnenstaaten Quiz

Klicken Sie hier um das Quiz zu spielen!

Allgemein

  • Dieses Quiz wurde 30.435 mal gespielt
  • Das Durchschnittsergebnis liegt bei 34 aus 45

Antwortstatistiken

FlächeLand% Korrekt
83,871Österreich
93%
41,285Schweiz
93%
1,564,100Mongolei
91%
2,724,900Kasachstan
90%
160Liechtenstein
90%
0.44Vatikanstadt
89%
468Andorra
87%
1,098,581Bolivien
85%
2586Luxemburg
85%
406,752Paraguay
85%
61San Marino
85%
49,035Slowakei
85%
78,867Tschechien
84%
1,267,000Niger
83%
93,028Ungarn
83%
147,181Nepal
82%
1,284,000Tschad
82%
88,361Serbien
81%
143,100Tadschikistan
81%
447,400Usbekistan
81%
199,951Kirgisistan
79%
1,240,192Mali
79%
488,100Turkmenistan
79%
619,745Südsudan
78%
207,600Belarus
74%
38,394Bhutan
74%
30,355Lesotho
74%
622,984Zentralafrikanische
Republik
74%
647,500Afghanistan
73%
10,908Kosovo
73%
26,338Ruanda
71%
241,038Uganda
70%
582,000Botswana
69%
25,713Nordmazedonien
69%
17,364Eswatini
68%
274,222Burkina Faso
65%
390,757Simbabwe
65%
27,834Burundi
64%
236,800Laos
64%
752,612Sambia
64%
33,846Moldawien
63%
29,743Armenien
61%
1,104,300Äthiopien
60%
118,484Malawi
59%
86,600Aserbaidschan
55%

Verteilung der Resultate

Perzentil nach korrekt beantworteten Fragen

Anzahl Personen mit jedem Resultat

Ihre Resultats-Entwicklung

Sie haben dieses Quiz noch nicht gespielt